| 000 | 00830nam a22002657a 4500 | ||
|---|---|---|---|
| 001 | 7441 | ||
| 003 | FISKH | ||
| 005 | 20250716093207.0 | ||
| 008 | 250716b cb ||||| |||| 00| 0 eng d | ||
| 020 | _a9781560659488 | ||
| 040 |
_aFISKH _beng _cFISKH _dFISKH |
||
| 050 | _aQK495.C74 S335 | ||
| 082 | _a 583.99 | ||
| 100 | _aSaunders-Smith, Gail | ||
| 245 |
_aSunflowers / _cby Gail Saunders-Smith |
||
| 260 |
_aMinnesota : _bPebble Book, _c1998. |
||
| 300 |
_a24 pages : _bcolor illustrations ; _c18 cm |
||
| 505 | _aN | ||
| 520 | _aSimple text and photographs depict the life cycle of the sunflower, from seeds to sprouts to flowers that finally turn again to seeds. | ||
| 521 | 8 |
_a560
_bLexile |
|
| 521 | 8 |
_aN
_bRaz-Plus |
|
| 650 |
_aScience Seeds _vNature _xSunflowers |
||
| 942 |
_2ddc _cBK _n0 |
||
| 999 |
_c7441 _d7441 |
||